Sports Quiz

Random Sports or MLB Quiz

Los Angeles Dodgers Opening Day Starting Pitchers Quiz Stats

 Plays Quiz Updated Apr 2, 2018

Score 0/61 Timer 10:00
9 Plays Today
Year Starter % Correct
2018Clayton Kershaw
97.9%
2011Clayton Kershaw
96.7%
2012Clayton Kershaw
96.7%
2013Clayton Kershaw
96.7%
2014Clayton Kershaw
96.7%
2015Clayton Kershaw
96.7%
2016Clayton Kershaw
96.7%
2017Clayton Kershaw
96.7%
1964Sandy Koufax
87.9%
1958Don Drysdale
76.2%
1959Don Drysdale
76.2%
1960Don Drysdale
76.2%
1961Don Drysdale
76.2%
1963Don Drysdale
76.2%
1965Don Drysdale
76.2%
1969Don Drysdale
76.2%
1981Fernando Valenzuela
75.2%
1983Fernando Valenzuela
75.2%
1984Fernando Valenzuela
75.2%
1985Fernando Valenzuela
75.2%
1986Fernando Valenzuela
75.2%
1988Fernando Valenzuela
75.2%
1987Orel Hershiser
67.3%
1990Orel Hershiser
67.3%
1993Orel Hershiser
67.3%
1994Orel Hershiser
67.3%
1972Don Sutton
57.2%
1973Don Sutton
57.2%
1974Don Sutton
57.2%
1975Don Sutton
57.2%
1976Don Sutton
57.2%
Year Starter % Correct
1977Don Sutton
57.2%
1978Don Sutton
57.2%
2003Hideo Nomo
51.1%
2004Hideo Nomo
51.1%
1999Kevin Brown
47.2%
2000Kevin Brown
47.2%
2002Kevin Brown
47.2%
1992Ramón Martínez
41.1%
1995Ramón Martínez
41.1%
1996Ramón Martínez
41.1%
1997Ramón Martínez
41.1%
1998Ramón Martínez
41.1%
2001Chan Ho Park
26.7%
2008Brad Penny
24.8%
2005Derek Lowe
23.5%
2006Derek Lowe
23.5%
2007Derek Lowe
23.5%
1982Jerry Reuss
22.2%
1979Burt Hooton
20.6%
1980Burt Hooton
20.6%
1962Johnny Podres
19.1%
1966Claude Osteen
19%
1968Claude Osteen
19%
1970Claude Osteen
19%
1989Tim Belcher
17.9%
1991Tim Belcher
17.9%
2009Hiroki Kuroda
13.2%
1971Bill Singer
12.9%
2010Vicente Padilla
10.5%
1967Bob Miller
10.2%

You're not logged in!

Compare scores with friends on all Sporcle quizzes.
Join for Free
OR
Log In

Show Comments

Extras

Top Quizzes Today


Score Distribution

Your Account Isn't Verified!

In order to create a playlist on Sporcle, you need to verify the email address you used during registration. Go to your Sporcle Settings to finish the process.

Report this User

Report this user for behavior that violates our Community Guidelines.

Details: